Wszystkie kluby, które grały w fazie grupowej Ligi Mistrzów - Statystyki

Ogólne statystyki
  • Ten quiz został rozwiązany 137 razy
    43 od ostatniego zresetowania
  • Średni wynik to 78 z 154
Statystyki odpowiedzi
Państwo Klub % Poprawnych
Anglia Manchester City
91%
Anglia Manchester United
91%
Anglia Arsenal
89%
Anglia Liverpool
86%
Anglia Chelsea
83%
Hiszpania FC Barcelona
83%
Portugalia FC Porto
80%
Polska Legia Warszawa
80%
Hiszpania Real Madryt
80%
Portugalia SL Benfica
80%
Czechy Sparta Praga
80%
Portugalia Sporting CP
80%
Holandia Ajax Amsterdam
77%
Niemcy Bayern Monachium
77%
Szkocja Celtic
77%
Rosja CSKA Moskwa
77%
Francja Paris Saint-Germain
77%
Austria RB Salzburg
77%
Anglia Aston Villa
74%
Hiszpania Atletico Madryt
74%
Austria Austria Wiedeń
74%
Niemcy Bayer 04 Leverkusen
74%
Niemcy Borussia Dortmund
74%
Chorwacja Dinamo Zagrzeb
74%
Szkocja Rangers
74%
Belgia RSC Anderlecht
74%
Hiszpania Sevilla FC
74%
Włochy AC Milan
71%
Dania FC Kobenhavn
71%
Włochy Inter
71%
Anglia Newcastle United
71%
Holandia PSV Eindhoven
71%
Anglia Tottenham Hotspur
71%
Grecja AEK Ateny
69%
Hiszpania Athletic Bilbao
69%
Ukraina Dynamo Kijów
69%
Włochy Juventus
69%
Słowacja Slovan Bratysława
69%
Hiszpania Valencia CF
69%
Polska Widzew Łódź
69%
Włochy AS Roma
66%
Turcja Galatasaray SK
66%
Włochy Lazio
66%
Francja Ol. Lyon
66%
Francja Ol. Marsylia
66%
Grecja Olympiakos SFP
66%
Portugalia SC Braga
66%
Włochy SSC Napoli
66%
Szwajcaria BSC Young Boys
63%
Anglia Leicester City
63%
Austria Rapid Wiedeń
63%
Niemcy Schalke 04
63%
Rosja Spartak Moskwa
63%
Austria Sturm Graz
63%
Belgia Club Brugge
60%
Szwajcaria FC Basel
60%
Rumunia FCSB
60%
Holandia Feyenoord
60%
Serbia FK Crvena Zvezda
60%
Belgia KRC Genk
60%
Grecja Panathinaikos AO
60%
Hiszpania Real Sociedad
60%
Czechy Slavia Praga
60%
Ukraina Szachtar Donieck
60%
Niemcy VfB Stuttgart
60%
Rosja Zenit Sankt Petersburg
60%
Cypr APOEL
57%
Francja AS Monaco
57%
Białoruś BATE Borysów
57%
Turcja Besiktas
57%
Niemcy Eintracht Frankfurt
57%
Turcja Fenerbahce SK
57%
Chorwacja Hajduk Split
57%
Hiszpania Real Betis
57%
Włochy ACF Fioretina
54%
Hiszpania Deportivo La Coruna
54%
Belgia KAA Gent
54%
Szwecja Malmo FF
54%
Niemcy RB Lipsk
54%
Niemcy VfL Wolfsburg
54%
Niemcy Werder Brema
54%
Holandia AZ Alkmaar
51%
Niemcy Hamburger SV
51%
Finlandia HJK Helsinki
51%
Bułgaria Ludogorets Razgrad
51%
Mołdawia Sheriff Tiraspol
51%
Belgia Standard Liege
51%
Niemcy Borussia Monchengladbach
49%
Kazachstan FK Astana
49%
Hiszpania Girona FC
49%
Hiszpania Malaga CF
49%
Serbia Partizan
49%
Włochy Atalanta BC
46%
Anglia Blackburn Rovers
46%
Czechy FC Viktoria Pilzno
46%
Rosja Lokomotiv Moskwa
46%
Włochy Parma
46%
Włochy Bologna FC
43%
Francja Girondins Bordeaux
43%
Niemcy Hertha Berlin
43%
Anglia Leeds United
43%
Francja OSC Lille
43%
Francja RC Lens
43%
Norwegia Rosenborg BK
43%
Niemcy Union Berlin
43%
Holandia FC Twente
40%
Węgry Ferencvarosi TC
40%
Szwecja IFK Goteborg
40%
Dania Brondby IF
37%
Słowenia NK Maribor
37%
Hiszpania RCD Mallorca
37%
Rosja Rubin Kazań
37%
Turcja Trabzonspor
37%
Portugalia Boavista FC
34%
Rumunia CFR Cluj
34%
Francja FC Nantes
34%
Norwegia Molde FK
34%
Francja Montpellier HSC
34%
Francja Rennes
34%
Dania Aalborg BK
31%
Hiszpania Celta Vigo
31%
Szwajcaria FC Zurich
31%
Azerbejdżan Qarabag FK
31%
Rosja FK Krasnodar
29%
Słowacja MSK Zilina
29%
Włochy Udinese
29%
Francja AJ Auxerre
26%
Francja Brest 29
26%
Szwajcaria Grasshopper
26%
Szwecja AIK Solna
23%
Turcja Istanbul Basaksehir
23%
Niemcy Kaiserslautern
23%
Bułgaria Levski Sofia
23%
Izrael Maccabi Tel-Aviv
23%
Belgia Royal Antwerp
23%
Turcja Bursaspor
17%
Węgry Debrecen VSC
17%
Izrael Maccabi Haifa
17%
Dania Midtjylland
17%
Niemcy TSG 1899 Hoffenheim
17%
Hiszpania Villarreal CF
17%
Cypr Anorthosis Famagusta
14%
Słowacja FC Kosice
14%
Słowacja FC Petrzalka
14%
Izrael Hapoel Tel-Aviv
14%
Szwecja Helsingborg
14%
Dania Nordsjaelland
11%
Holandia sc Heerenveen
11%
Rosja FK Rostów
9%
Szwajcaria Thun
9%
Rumunia Unirea Urziceni
9%
Belgia Lierse SK
6%
Rumunia Otelul Galati
6%
Holandia Willem II
6%
Nie znaleziono quizów pasujących do podanych kryteriów
Rozkład punktacji
Procent ludzi z każdym wynikiem
Percentyl według liczby udzielonych odpowiedzi
Twoja historia wyników
Nie rozwiązałeś tego quizu od ostatniego zresetowania